| 000 | 00757nam a22002537a 4500 | ||
|---|---|---|---|
| 999 |
_c328408 _d328408 |
||
| 001 | 13359758 | ||
| 003 | Nust | ||
| 005 | 20170406135021.0 | ||
| 008 | 030425s2001 pk 000 0 eng | ||
| 010 | _a 2001300934 | ||
| 020 | _a9698637001 | ||
| 025 | _aP-E-20013000934; 05; 06 | ||
| 035 | _a(DLC) 2001300934 | ||
| 040 |
_aDLC _cDLC |
||
| 042 | _alcode | ||
| 082 | _a355 KHA | ||
| 100 | 1 | _aKhan, Irshad Ullah. | |
| 245 | 1 | 0 |
_aThis nuclear night of winter light / _cIrshad Ullah Khan. |
| 260 |
_aIslamabad : _bEastern Publications, _c2001. |
||
| 300 |
_a81 p. ; _c21 cm. |
||
| 500 | _aPoems. | ||
| 501 | _aH.B | ||
| 906 |
_a7 _bcbc _corigode _d3 _encip _f20 _gy-gencatlg |
||
| 942 |
_2ddc _cBK _k355 KHA |
||